Intermediate grammar from form to meaning and use

সংরক্ষণ করুন:
গ্রন্থ-পঞ্জীর বিবরন
প্রধান লেখক: Susan Kesner Bland
বিন্যাস: গ্রন্থ
ভাষা:Undetermined
প্রকাশিত: New York Oxford Univ. Press 1996
বিষয়গুলি:
ট্যাগগুলো: ট্যাগ যুক্ত করুন
কোনো ট্যাগ নেই, প্রথমজন হিসাবে ট্যাগ করুন!
Thư viện lưu trữ: Trung tâm Học liệu Trường Đại học Cần Thơ
LEADER 00594nam a2200205Ia 4500
001 CTU_65701
008 210402s9999 xx 000 0 und d
020 |b 182000 
082 |a 428.24 
082 |b B624 
100 |a Susan Kesner Bland 
245 0 |a Intermediate grammar from form to meaning and use 
245 0 |c Susan Kesner Bland 
260 |a New York 
260 |b Oxford Univ. Press 
260 |c 1996 
650 |a english language,english language 
650 |x grammar,textbooks for foreign speakers 
904 |i Minh 
980 |a Trung tâm Học liệu Trường Đại học Cần Thơ